000 00589cam a22002054a 4500
005 20250605164300.0
008 250528s ||||||||||||||||||||||||d
035 _a22051
020 _a9789601216690
040 _aGR-AtMCL
_bgre
_dGR-AtMCL
_eAACR2
245 1 _aΕΓΧΕΙΡΙΔΙΟ ΤΗΣ ΣΥΣΤΗΜΙΚΗΣ ΘΕΡΑΠΕΙΑΣ ΚΑΙ ΣΥΜΒΟΥΛΕΥΤΙΚΗΣ
250 _a1
260 _bUniversity Studio Press,
_c2008
300 _a379
700 1 _aSchlippe Arist Von
_97930
700 1 _aSchweitzer Jochen
_97931
942 _cBK
999 _c7107
_d7107